| 000 | 00584nam a2200181 i 4500 | ||
|---|---|---|---|
| 001 | 34369 | ||
| 003 | ES-MaACL | ||
| 005 | 20230906154924.0 | ||
| 007 | t| | ||
| 008 | 030204s1947 sp ||||1| spa d | ||
| 100 | 1 |
_aBlaskovics. L. _929414 |
|
| 245 | 1 | 0 |
_aCirugía de los ojos / _cL. Blaskovics y A. Kreiker ; traducción española por Manuel Espada Sánchez. |
| 260 |
_aBarcelona : _bSalvat, _c1947 ( _fImp. Hispano-Americana) |
||
| 300 |
_aXII, 510 p. : _bil. ; _c25 cm. |
||
| 700 | 1 |
_aKreiker, A. _968797 |
|
| 700 | 1 |
_aEspada Sánchez, Manuel. _947740 |
|
| 852 |
_aES-MaACL _jC-4020 |
||
| 999 |
_c34369 _d34369 |
||